16 Fictional Primates Quiz Stats

 Plays Quiz Updated Mar 13, 2016

Also try: 16 Animated Kids
Challenge
Share
Tweet
Score 0/16 Timer 05:00
1 Play Today
Primate % Correct
Curious George (Eponymous books/cartoon)
93%
Donkey Kong (Eponymous video games)
85.4%
Abu (Aladdin)
78.9%
Rafiki (The Lion King)
63.3%
Boots (Dora the Explorer)
56.1%
King Louie (The Jungle Book)
51.8%
Grape Ape (The Great Grape Ape Show)
43.5%
Magilla Gorilla (The Magilla Gorilla Show)
39.7%
Primate % Correct
Mojo Jojo (The Powerpuff Girls)
39.2%
Francine Frensky (Arthur)
28.8%
King Julien (Madagascar)
22.9%
Master Monkey (Kung Fu Panda)
22.3%
Terk (Tarzan)
22.2%
Mr. Teeny (The Simpsons)
17.9%
Darwin (The Wild Thornberrys)
17.9%
Momo (Avatar: The Last Airbender)
14.8%

You're not logged in!

Compare scores with friends on all Sporcle quizzes.
OR
Log In

You Might Also Like...

Show Comments

Extras

Top Quizzes Today


Score Distribution

Your Account Isn't Verified!

In order to create a playlist on Sporcle, you need to verify the email address you used during registration. Go to your Sporcle Settings to finish the process.

Report this User

Report this user for behavior that violates our Community Guidelines.

Details: